00437nam a2200133 a 450000100100000000500170001000800410002704000250006808200160009324500670010926000300017630000240020650400730023000004185020201002035806.0131018s2000 xxua 000 0 spa d aDO-SdBNPbspacBNPHU axxxxbxxxxx04aLas profecías de Isaías :buna luz para toda la humanidad. aNew York :bs. n.,c2000. av. :bil. ;c17 cm. aIncluye referencias bibliográficas y notas al pie de las páginas